| 000 | 00536cam a2200205ua 4500 | ||
|---|---|---|---|
| 001 | 11199 | ||
| 005 | 20260515114723.0 | ||
| 008 | 190904n ii |||gr||||Z||||||asm | ||
| 020 | _a9788193319819 | ||
| 040 | _cMAIN | ||
| 082 | _a398.0954162 | ||
| 100 |
_aHemanta Kr. Chaliha, _eWriter., |
||
| 245 |
_aSonowal kachari sanskriti adhayan _cBy Hemanta Kr. Chaliha |
||
| 250 | _a1st ed. | ||
| 260 |
_aGuwahati: _bSatirtha gyanyatra, _c2017. |
||
| 300 | _a247p. | ||
| 653 | _aFolklore | ||
| 653 | _aSonowal tribe of Assam | ||
| 942 | _cBK | ||
| 999 |
_c10051 _d10051 |
||